[Event "Oberfranken-ch Seniors"]
[Site "Bischofsgruen"]
[Date "2009.06.11"]
[Round "7"]
[White "Froehling, Philippa"]
[Black "Bullock, Alfred"]
[Result "1/2-1/2"]
[WhiteElo "1259"]
[BlackElo "1724"]
[PlyCount "41"]
[EventDate "2009.06.05"]
[EventType "swiss"]
[EventRounds "9"]
[EventCountry "GER"]
[SourceTitle "EXT 2012"]
[Source "ChessBase"]
[SourceDate "2011.11.24"]
[SourceVersion "1"]
[SourceVersionDate "2011.11.24"]
[SourceQuality "1"]

1. Nf3 d6 2. d4 Nd7 3. g3 e5 4. dxe5 Nxe5 5. Nxe5 dxe5 6. Qxd8+ Kxd8 7. Bg2 Bd6 8. 0-0 Nf6 9. b3 Ke7 10. Nd2 c6 11. Bb2 Be6 12. Nc4 Bxc4 13. bxc4 Rhd8 14. a4 Nd7 15. Ba3 Bxa3 16. Rxa3 Nc5 17. e3 Rd2 18. Rc1 Rad8 19. Raa1 f5 20. Kf1 e4 21. Ke1 1/2-1/2

[Event "Bad Woerishofen Seniors opA 23rd"]
[Site "Bad Woerishofen"]
[Date "2007.03.13"]
[Round "6"]
[White "Bullock, Alfred"]
[Black "Kuhnert, Werner Eberhard"]
[Result "1/2-1/2"]
[WhiteElo "1393"]
[BlackElo "1335"]
[PlyCount "46"]
[EventDate "2007.03.08"]
[EventType "swiss"]
[EventRounds "9"]
[EventCountry "GER"]
[SourceTitle "EXT 2022"]
[Source "ChessBase"]
[SourceDate "2021.10.06"]
[SourceVersion "1"]
[SourceVersionDate "2021.10.06"]
[SourceQuality "1"]

1. d4 d5 2. Nc3 Nf6 3. Bg5 e6 4. e3 Nc6 5. Nf3 Be7 6. Bd3 h6 7. Bxf6 Bxf6 8. Ne2 e5 9. dxe5 Nxe5 10. Nxe5 Bxe5 11. Nc3 c6 12. 0-0 0-0 13. Re1 Be6 14. e4 d4 15. Ne2 Qg5 16. Qc1 Qxc1 17. Raxc1 c5 18. f4 Bd6 19. e5 Be7 20. b3 f5 21. exf6 Rxf6 22. Ng3 g6 23. f5 gxf5 1/2-1/2

[Event "Bad Woerishofen Seniors opA 23rd"]
[Site "Bad Woerishofen"]
[Date "2007.03.08"]
[Round "1"]
[White "Richter, Gerhard"]
[Black "Bullock, Alfred"]
[Result "1-0"]
[WhiteElo "1791"]
[BlackElo "1393"]
[PlyCount "37"]
[EventDate "2007.03.08"]
[EventType "swiss"]
[EventRounds "9"]
[EventCountry "GER"]
[SourceTitle "EXT 2022"]
[Source "ChessBase"]
[SourceDate "2021.10.06"]
[SourceVersion "1"]
[SourceVersionDate "2021.10.06"]
[SourceQuality "1"]

1. d4 g6 2. c4 e6 3. Nc3 Bg7 4. g3 Ne7 5. Bg2 d6 6. Nf3 Nd7 7. e4 0-0 8. h4 h6 9. Qe2 b6 10. Be3 Bb7 11. 0-0-0 a6 12. Qd2 Kh7 13. h5 Ng8 14. hxg6+ fxg6 15. Ng5+ Kh8 16. Nxe6 Qf6 17. Nxf8 Rxf8 18. e5 dxe5 19. Bxb7 1-0

[Event "Seefeld Seniors op 1st"]
[Site "Seefeld"]
[Date "2005.09.22"]
[Round "4.7"]
[White "Bullock, Alfred"]
[Black "Michalowski, Richard"]
[Result "0-1"]
[WhiteElo "1596"]
[BlackElo "1621"]
[PlyCount "72"]
[EventDate "2005.09.19"]
[EventType "swiss"]
[EventRounds "7"]
[EventCountry "AUT"]
[SourceTitle "EXT 2007"]
[Source "ChessBase"]
[SourceDate "2006.11.23"]
[SourceVersion "1"]
[SourceVersionDate "2006.11.23"]
[SourceQuality "1"]

1. c4 Nf6 2. Nc3 e6 3. Nf3 b6 4. g3 Bb7 5. Bg2 Be7 6. 0-0 0-0 7. d4 d5 8. cxd5 exd5 9. a3 Nbd7 10. e3 a6 11. b4 b5 12. Nd2 Nb6 13. Nb3 Ne4 14. Nxe4 dxe4 15. Nc5 Bxc5 16. bxc5 Nc4 17. Qc2 f5 18. Bd2 Bd5 19. Rfb1 c6 20. Bf1 Rf6 21. a4 Qc7 22. Bxc4 Bxc4 23. Qc3 a5 24. axb5 cxb5 25. Rxa5 Rfa6 26. Rba1 Qc8 27. Rxa6 Rxa6 28. Rxa6 Qxa6 29. Qa5 Qc8 30. Qb6 f4 31. Ba5 Qh3 32. Qd8+ Kf7 33. Qc7+ Kg6 34. Qc6+ Kh5 35. Qe8+ Kh6 36. Qc6+ g6 0-1

[Event "Traum Seniors op 12th"]
[Site "Oberstdorf"]
[Date "2005.07.10"]
[Round "3"]
[White "Schwarz, Werner"]
[Black "Bullock, Alfred"]
[Result "1/2-1/2"]
[WhiteElo "1692"]
[BlackElo "1649"]
[PlyCount "104"]
[EventDate "2005.07.08"]
[EventType "swiss"]
[EventRounds "9"]
[EventCountry "GER"]
[SourceTitle "EXT 2007"]
[Source "ChessBase"]
[SourceDate "2006.11.23"]
[SourceVersion "1"]
[SourceVersionDate "2006.11.23"]
[SourceQuality "1"]

1. e4 c5 2. Nf3 b6 3. d4 cxd4 4. Nxd4 Bb7 5. Nc3 Nc6 6. Be3 e6 7. a3 Nf6 8. f3 Be7 9. Qd2 0-0 10. Bc4 Nxd4 11. Bxd4 Rc8 12. Bb3 d5 13. exd5 Nxd5 14. Qf2 Nxc3 15. Bxc3 Bh4 16. g3 Bf6 17. Bb4 Be7 18. Bxe7 Qxe7 19. 0-0-0 Rfd8 20. Rhe1 Rxd1+ 21. Rxd1 Rd8 22. Qe2 Rxd1+ 23. Qxd1 Bc6 24. f4 Qd7 25. Qe1 Kf8 26. Bc4 b5 27. Bd3 g6 28. Qe5 Kg8 29. g4 Qd5 30. Qxd5 exd5 31. c3 Kf8 32. Kd2 Ke7 33. Ke3 Kd6 34. Kd4 Bd7 35. g5 a6 36. a4 Bc6 37. axb5 axb5 38. Be2 Bd7 39. b3 Bc6 40. c4 bxc4 41. bxc4 dxc4 42. Bxc4 Ke7 43. Ke5 Bd7 44. Bd3 Bh3 45. f5 Bg4 46. f6+ Kf8 47. Kf4 Be6 48. Be2 Bh3 49. Bg4 Bf1 50. Ke5 Bc4 51. Kd6 Bb3 52. h4 Bc4 1/2-1/2

[Event "Bad Zwischenahn Seniors op 1st"]
[Site "Bad Zwischenahn"]
[Date "2004.??.??"]
[Round "7"]
[White "Bullock, Alfred"]
[Black "Hempel, Guenther"]
[Result "1/2-1/2"]
[WhiteElo "1499"]
[BlackElo "1660"]
[PlyCount "53"]
[EventDate "2004.07.30"]
[EventType "swiss"]
[EventRounds "9"]
[EventCountry "GER"]
[SourceTitle "EXT 2006"]
[Source "ChessBase"]
[SourceDate "2005.11.24"]
[SourceVersion "1"]
[SourceVersionDate "2005.11.24"]
[SourceQuality "1"]

1. c4 Nf6 2. Nc3 c5 3. g3 e6 4. Bg2 d5 5. cxd5 exd5 6. d3 Be6 7. Bf4 Bd6 8. Bxd6 Qxd6 9. Nf3 a6 10. d4 c4 11. Ne5 Nc6 12. f4 0-0 13. 0-0 Ne7 14. e4 dxe4 15. Nxe4 Nxe4 16. Bxe4 Bd5 17. Qc2 Bxe4 18. Qxe4 Qd5 19. Qxd5 Nxd5 20. Nxc4 Rac8 21. Rac1 Rfd8 22. Ne5 f6 23. Nf3 Nb4 24. Rxc8 Rxc8 25. a3 Nd5 26. Rf2 Ne3 27. Re2 1/2-1/2

[Event "Merano Gold Cup 31st"]
[Site "Merano"]
[Date "2003.05.05"]
[Round "5"]
[White "Bullock, Alfred"]
[Black "Nischler, Hermann"]
[Result "1/2-1/2"]
[WhiteElo "1394"]
[BlackElo "1420"]
[PlyCount "69"]
[EventDate "2003.05.??"]
[EventType "swiss"]
[EventRounds "9"]
[EventCountry "ITA"]
[SourceTitle "EXT 2006"]
[Source "ChessBase"]
[SourceDate "2005.11.24"]
[SourceVersion "1"]
[SourceVersionDate "2005.11.24"]
[SourceQuality "1"]

1. c4 e5 2. Nc3 f5 3. e4 f4 4. Qh5+ Ke7 5. Qxe5+ Kf7 6. Qxf4+ Qf6 7. Qxf6+ Nxf6 8. d4 c6 9. Bd3 Na6 10. a3 g6 11. Nf3 Rg8 12. 0-0 Kg7 13. Be3 d6 14. b4 Nc7 15. Nd2 b6 16. f4 Kh8 17. h3 h5 18. Nf3 Ne6 19. Ng5 Nxg5 20. fxg5 Nh7 21. h4 Bg7 22. Rae1 c5 23. Ne2 Nf8 24. bxc5 bxc5 25. dxc5 dxc5 26. Bxc5 Bg4 27. Bxf8 Raxf8 28. Rxf8 Rxf8 29. Ng3 Rb8 30. Rb1 Rd8 31. Be2 Rd2 32. Bxg4 hxg4 33. Rb8+ Kh7 34. Rb7 Kg8 35. Rb8+ 1/2-1/2

[Event "Merano Gold Cup 31st"]
[Site "Merano"]
[Date "2003.05.03"]
[Round "3"]
[White "Mathes, Christian"]
[Black "Bullock, Alfred"]
[Result "1/2-1/2"]
[WhiteElo "1406"]
[BlackElo "1394"]
[PlyCount "60"]
[EventDate "2003.05.??"]
[EventType "swiss"]
[EventRounds "9"]
[EventCountry "ITA"]
[SourceTitle "EXT 2006"]
[Source "ChessBase"]
[SourceDate "2005.11.24"]
[SourceVersion "1"]
[SourceVersionDate "2005.11.24"]
[SourceQuality "1"]

1. c4 e5 2. Nc3 Nf6 3. Nf3 d6 4. g3 Be7 5. Bg2 Nbd7 6. 0-0 0-0 7. d3 c6 8. Bd2 Qc7 9. Rb1 b6 10. b4 Bb7 11. Qb3 Rfb8 12. Rfc1 a6 13. a4 c5 14. bxc5 bxc5 15. Qa2 Bxf3 16. Bxf3 Rxb1 17. Rxb1 Rb8 18. Nd5 Nxd5 19. Bxd5 Rxb1+ 20. Qxb1 Qb6 21. Qxb6 Nxb6 22. Bb7 Nxa4 23. Bxa6 f5 24. Kg2 Kf7 25. Bb7 Nb6 26. f4 exf4 27. Bxf4 Ke6 28. e4 fxe4 29. Bxe4 g5 30. Bd2 h6 1/2-1/2

[Event "Oberjoch op"]
[Site "Oberjoch"]
[Date "2002.??.??"]
[Round "3"]
[White "Bullock, Alfred"]
[Black "Wolf, Rudolf"]
[Result "0-1"]
[WhiteElo "1545"]
[BlackElo "1450"]
[PlyCount "126"]
[EventDate "2002.??.??"]
[EventType "swiss"]
[EventRounds "9"]
[EventCountry "GER"]
[SourceTitle "EXT 2004"]
[Source "ChessBase"]
[SourceDate "2003.11.25"]
[SourceVersion "1"]
[SourceVersionDate "2003.11.25"]
[SourceQuality "1"]

1. e4 c5 2. c3 d5 3. d3 dxe4 4. dxe4 Qxd1+ 5. Kxd1 Nc6 6. Be3 b6 7. Bb5 Bb7 8. Nd2 Nf6 9. f3 a6 10. Bxc6+ Bxc6 11. Ne2 e6 12. Kc2 Be7 13. Rad1 b5 14. Nb3 Nd7 15. Na5 Rc8 16. Nxc6 Rxc6 17. Rd2 Nb6 18. b3 0-0 19. Rhd1 h6 20. g3 Ra8 21. Bf4 a5 22. Bd6 Bxd6 23. Rxd6 Rac8 24. Rxc6 Rxc6 25. Nf4 a4 26. Rd8+ Kh7 27. Rb8 axb3+ 28. axb3 b4 29. Rb7 Kg8 30. c4 g6 31. Rb8+ Kg7 32. Rd8 Rc7 33. e5 Nd7 34. Nd3 Ra7 35. Kb2 g5 36. f4 Rc7 37. Nf2 gxf4 38. gxf4 h5 39. Ne4 f6 40. Nd6 Ra7 41. Re8 fxe5 42. fxe5 Nxe5 43. Rxe6 Nd3+ 44. Kc2 Nf4 45. Re5 Ra2+ 46. Kb1 Rxh2 47. Rxc5 Rh3 48. Rc7+ Kf6 49. Ka2 Rh2+ 50. Ka1 Ne2 51. Rb7 Nc3 52. Ra7 Rh1+ 53. Kb2 Ke6 54. c5 Kd5 55. Nb7 Kc6 56. Ra6+ Kxb7 57. Rb6+ Kc7 58. Rxb4 Nd5 59. Rc4 h4 60. b4 Kc6 61. Kb3 Kb5 62. Rd4 Rh3+ 63. Kb2 Nxb4 0-1

[Event "Oberjoch op"]
[Site "Oberjoch"]
[Date "2002.??.??"]
[Round "6"]
[White "Laux, Dieter"]
[Black "Bullock, Alfred"]
[Result "1/2-1/2"]
[WhiteElo "1369"]
[BlackElo "1545"]
[PlyCount "103"]
[EventDate "2002.??.??"]
[EventType "swiss"]
[EventRounds "9"]
[EventCountry "GER"]
[SourceTitle "EXT 2004"]
[Source "ChessBase"]
[SourceDate "2003.11.25"]
[SourceVersion "1"]
[SourceVersionDate "2003.11.25"]
[SourceQuality "1"]

1. f4 d5 2. d3 Nc6 3. Nf3 Nf6 4. g3 Bg4 5. Nbd2 Bxf3 6. Nxf3 e6 7. c3 d4 8. e4 dxe3 9. Bxe3 Bd6 10. Bh3 e5 11. f5 e4 12. dxe4 Nxe4 13. Qe2 0-0 14. 0-0-0 Qe7 15. Rhe1 Rfe8 16. Bd4 Nf6 17. Qb5 Qd7 18. Bxf6 Rxe1 19. Nxe1 gxf6 20. Qxb7 Re8 21. Nf3 Re3 22. Nd2 Re2 23. Nc4 Rxh2 24. Bf1 Qxf5 25. Bd3 Qg5+ 26. Kb1 Qg4 27. Rc1 Qf3 28. Qc8+ Kg7 29. Qf5 Qxf5 30. Bxf5 Rg2 31. Nxd6 Ne7 32. Be4 Rxg3 33. Nb5 f5 34. Bc2 f4 35. Rd1 f3 36. Bd3 f2 37. Bf1 Rg1 38. Kc2 Nf5 39. Kd3 Ng3 40. Ke3 Nh1 41. Nxc7 h5 42. Nd5 Rg3+ 43. Ke2 h4 44. Nf4 Kh6 45. Nd3 Rg1 46. Nxf2 Ng3+ 47. Kf3 h3 48. Nxh3 Rxf1+ 49. Rxf1 Nxf1 50. c4 Nd2+ 51. Ke2 Nxc4 52. b3 1/2-1/2